<?xml version="1.0" encoding="UTF-8"?><marc:collection xmlns:marc="http://www.loc.gov/MARC21/slim">
  <marc:record>
    <marc:leader>01255nam#a2200397#cb4500</marc:leader>
    <marc:controlfield tag="001">990007912440203331</marc:controlfield>
    <marc:controlfield tag="003">AT-OBV</marc:controlfield>
    <marc:controlfield tag="005">20230701063559.0</marc:controlfield>
    <marc:controlfield tag="007">tu</marc:controlfield>
    <marc:controlfield tag="008">961028|1978####|||######m####|||#0#eng#c</marc:controlfield>
    <marc:controlfield tag="009">AC01691328</marc:controlfield>
    <marc:datafield tag="015" ind1=" " ind2=" ">
      <marc:subfield code="a">BI,020,9854</marc:subfield>
      <marc:subfield code="2">dnb</marc:subfield>
    </marc:datafield>
    <marc:datafield tag="020" ind1=" " ind2=" ">
      <marc:subfield code="a">2827101432</marc:subfield>
    </marc:datafield>
    <marc:datafield tag="035" ind1=" " ind2=" ">
      <marc:subfield code="a">(AT-OBV)AC01691328</marc:subfield>
    </marc:datafield>
    <marc:datafield tag="035" ind1=" " ind2=" ">
      <marc:subfield code="a">AC01691328</marc:subfield>
    </marc:datafield>
    <marc:datafield tag="035" ind1=" " ind2=" ">
      <marc:subfield code="a">(Aleph)000791244ACC01</marc:subfield>
    </marc:datafield>
    <marc:datafield tag="035" ind1=" " ind2=" ">
      <marc:subfield code="a">(DE-599)OBVAC01691328</marc:subfield>
    </marc:datafield>
    <marc:datafield tag="040" ind1=" " ind2=" ">
      <marc:subfield code="a">UBW</marc:subfield>
      <marc:subfield code="b">ger</marc:subfield>
      <marc:subfield code="d">UBW</marc:subfield>
      <marc:subfield code="e">rakwb</marc:subfield>
    </marc:datafield>
    <marc:datafield tag="041" ind1=" " ind2=" ">
      <marc:subfield code="a">eng</marc:subfield>
    </marc:datafield>
    <marc:datafield tag="044" ind1=" " ind2=" ">
      <marc:subfield code="c">XA-CH</marc:subfield>
    </marc:datafield>
    <marc:datafield tag="082" ind1="0" ind2=" ">
      <marc:subfield code="a">230.140924</marc:subfield>
      <marc:subfield code="2">19</marc:subfield>
    </marc:datafield>
    <marc:datafield tag="084" ind1=" " ind2=" ">
      <marc:subfield code="a">230</marc:subfield>
      <marc:subfield code="a">870</marc:subfield>
      <marc:subfield code="q">DE-101</marc:subfield>
      <marc:subfield code="2">sdnb</marc:subfield>
    </marc:datafield>
    <marc:datafield tag="084" ind1=" " ind2=" ">
      <marc:subfield code="a">11.51</marc:subfield>
      <marc:subfield code="2">bkl</marc:subfield>
    </marc:datafield>
    <marc:datafield tag="084" ind1=" " ind2=" ">
      <marc:subfield code="a">BO 2060</marc:subfield>
      <marc:subfield code="2">rvk</marc:subfield>
    </marc:datafield>
    <marc:datafield tag="084" ind1=" " ind2=" ">
      <marc:subfield code="a">BO 2370</marc:subfield>
      <marc:subfield code="2">rvk</marc:subfield>
    </marc:datafield>
    <marc:datafield tag="090" ind1=" " ind2=" ">
      <marc:subfield code="h">g</marc:subfield>
    </marc:datafield>
    <marc:datafield tag="100" ind1="1" ind2=" ">
      <marc:subfield code="a">Coyle, John Kevin</marc:subfield>
      <marc:subfield code="4">aut</marc:subfield>
    </marc:datafield>
    <marc:datafield tag="245" ind1="1" ind2="0">
      <marc:subfield code="a">Augustine's "De moribus ecclesiae catholicae"</marc:subfield>
      <marc:subfield code="b">a study of the work, its composition and its sources</marc:subfield>
      <marc:subfield code="c">John Kevin Coyle</marc:subfield>
    </marc:datafield>
    <marc:datafield tag="264" ind1=" " ind2="1">
      <marc:subfield code="a">Fribourg, Suisse</marc:subfield>
      <marc:subfield code="b">Éd. Univ.</marc:subfield>
      <marc:subfield code="c">1978</marc:subfield>
    </marc:datafield>
    <marc:datafield tag="300" ind1=" " ind2=" ">
      <marc:subfield code="a">XXXVI, 466 S.</marc:subfield>
    </marc:datafield>
    <marc:datafield tag="490" ind1="1" ind2=" ">
      <marc:subfield code="a">Paradosis</marc:subfield>
      <marc:subfield code="v">25</marc:subfield>
    </marc:datafield>
    <marc:datafield tag="502" ind1=" " ind2=" ">
      <marc:subfield code="a">Teilw. zugl.: Fribourg &lt;Üechtland&gt;, Univ., Diss., 1975</marc:subfield>
    </marc:datafield>
    <marc:datafield tag="689" ind1="0" ind2="0">
      <marc:subfield code="a">Augustinus, Aurelius</marc:subfield>
      <marc:subfield code="c">Heiliger</marc:subfield>
      <marc:subfield code="d">354-430</marc:subfield>
      <marc:subfield code="t">De moribus contra Manichaeos conscripti</marc:subfield>
      <marc:subfield code="p">De moribus ecclesiae catholicae</marc:subfield>
      <marc:subfield code="D">p</marc:subfield>
      <marc:subfield code="0">(DE-588)4349988-0</marc:subfield>
    </marc:datafield>
    <marc:datafield tag="689" ind1="0" ind2=" ">
      <marc:subfield code="5">AT-OBV</marc:subfield>
      <marc:subfield code="5">UBWFRA</marc:subfield>
    </marc:datafield>
    <marc:datafield tag="830" ind1=" " ind2="0">
      <marc:subfield code="w">(AT-OBV)AC00463630</marc:subfield>
      <marc:subfield code="v">25</marc:subfield>
    </marc:datafield>
    <marc:datafield tag="900" ind1="0" ind2="1">
      <marc:subfield code="a">Coyle, John K.</marc:subfield>
    </marc:datafield>
  </marc:record>
</marc:collection>
